000
00269nam a22001217a 4500
008
190205b xxu||||| |||| 00| 0 eng d
041
_a
eng
080
_2
3rd
_a
540
100
_a
12
101
_a
KIM
245
_a
Chemistry for Our Times
_c
Weaver,E.C
942
_2
udc
_c
BK
999
_c
54023
_d
54023